| 000 | 01493nam a2200265Ia 4500 | ||
|---|---|---|---|
| 001 | 18045 | ||
| 003 | GE_BSU | ||
| 008 | 181216s||||||||xx |||||||||||||| ||und|| | ||
| 040 | _cGE_BSU | ||
| 080 | _a81(44)(092) | ||
| 100 | _aთურნავა, სერგო | ||
| 245 | _aრენე ლაფონი და საქართველო | ||
| 245 | _bნარკვევი ფრანგი ბასკოლოგისა და კავკასიოლოგის შესახებ | ||
| 245 | _cრედ. რ. მიმინოშვილი | ||
| 260 | _aთბილისი | ||
| 260 | _bმეცნიერება | ||
| 260 | _c1969 | ||
| 300 | _a95 გვ. ; 22 სმ. | ||
| 300 | _eბიბლიოგრ.: გვ. 92.-რენე ლაფონის დაბეჭდილი სამეცნიერო ნაშრომების ბიბლიოგრ.:89-91 | ||
| 520 | _aრეზუმე ფრანგულ ენ | ||
| 653 | _aნარკვევი ფრანგი ბასკოლოგის და კავკასიოლოგის შესახებ | ||
| 653 | _aრენე ლაფონი და საქართველო | ||
| 653 | _aფრანგი ენათმეცნიერები; ქართული კულტურა; ფრანგი კავკასიოლოგები; ფრანგი ბასკოლოგები | ||
| 942 | _cBK | ||
| 999 |
_c51088 _d51088 |
||